[Event "SVK-chT3A2 1011"]
[Site "Slovakia"]
[Date "2011.02.27"]
[Round "9.3"]
[White "Obdrzalkova, Anita"]
[Black "Jozefovic, Milan"]
[Result "0-1"]
[WhiteElo "2014"]
[BlackElo "1917"]
[PlyCount "80"]
[EventDate "2010.10.17"]
[EventType "team-tourn"]
[EventRounds "11"]
[EventCountry "SVK"]
[SourceTitle "EXT 2019"]
[Source "ChessBase"]
[SourceDate "2018.10.10"]
[SourceVersion "1"]
[SourceVersionDate "2018.10.10"]
[SourceQuality "1"]
[WhiteTeam "Dunajska Streda SK III"]
[BlackTeam "Holic"]
[WhiteTeamCountry "SVK"]
[BlackTeamCountry "SVK"]

1. d4 d5 2. Nf3 Nf6 3. c4 e6 4. Nc3 Be7 5. Bg5 a6 6. e3 c6 7. Rc1 Nbd7 8. cxd5 exd5 9. Bd3 h6 10. Bh4 0-0 11. 0-0 Re8 12. Bb1 Ne4 13. Bxe7 Qxe7 14. Qc2 Ndf6 15. Ne5 Bf5 16. Nd3 Nxc3 17. Qxc3 Ne4 18. Qc2 Nd6 19. Rfe1 Qg5 20. Kh1 Re6 21. Qe2 Rae8 22. Qf1 Nc4 23. Nf4 R6e7 24. Bxf5 Qxf5 25. b3 Nd2 26. Qe2 Nxb3 27. axb3 Qxf4 28. Qd2 Qe4 29. Qb4 Qh4 30. Rf1 Qe4 31. Ra1 Qe6 32. Ra2 Qd7 33. Ra4 Re4 34. Qb6 R8e7 35. Rb4 Qf5 36. Kg1 Kh7 37. Ra1 R4e6 38. Qa7 Rf6 39. Rf1 Rxe3 40. f3 Re2 0-1

[Event "SVK-chT2A 10/11"]
[Site "Slovakia"]
[Date "2011.01.08"]
[Round "5.7"]
[White "Obdrzalkova, Anita"]
[Black "Diviak, Rastislav"]
[Result "1/2-1/2"]
[WhiteElo "2014"]
[BlackElo "2014"]
[PlyCount "33"]
[EventDate "2010.10.23"]
[EventType "team-tourn"]
[EventRounds "11"]
[EventCountry "SVK"]
[SourceTitle "EXT 2019"]
[Source "ChessBase"]
[SourceDate "2018.10.10"]
[SourceVersion "1"]
[SourceVersionDate "2018.10.10"]
[SourceQuality "1"]
[WhiteTeam "Dunajska Streda SK II"]
[BlackTeam "Osuske II"]
[WhiteTeamCountry "SVK"]
[BlackTeamCountry "SVK"]

1. d4 d5 2. Nf3 Nf6 3. e3 e6 4. c4 c6 5. Qc2 Bd6 6. Bd3 Nbd7 7. Nbd2 0-0 8. 0-0 Re8 9. b3 e5 10. dxe5 Nxe5 11. Nxe5 Bxe5 12. Bb2 Bxb2 13. Qxb2 dxc4 14. Bxc4 Be6 15. Rad1 Qe7 16. Bxe6 Qxe6 17. Nf3 1/2-1/2

[Event "SVK-chT3A2 0910"]
[Site "Slovakia"]
[Date "2010.03.14"]
[Round "10.3"]
[White "Obdrzalkova, Anita"]
[Black "Valla, Tomas"]
[Result "1-0"]
[WhiteElo "2004"]
[BlackElo "1780"]
[PlyCount "71"]
[EventDate "2009.10.18"]
[EventType "team-tourn"]
[EventRounds "11"]
[EventCountry "SVK"]
[SourceTitle "EXT 2011"]
[Source "ChessBase"]
[SourceDate "2010.11.26"]
[SourceVersion "1"]
[SourceVersionDate "2010.11.26"]
[SourceQuality "1"]
[WhiteTeam "Dunajska Streda SK III"]
[BlackTeam "Gbely"]
[WhiteTeamCountry "SVK"]
[BlackTeamCountry "SVK"]

1. d4 Nf6 2. c4 c5 3. d5 e6 4. Nc3 exd5 5. cxd5 d6 6. e4 g6 7. Nf3 Bg7 8. Be2 Bg4 9. Qa4+ Nfd7 10. Bf4 Bxf3 11. Bxf3 Qb6 12. Qc2 0-0 13. 0-0 Ne5 14. Be2 Nbd7 15. a4 a6 16. Be3 Nf6 17. a5 Qc7 18. h3 Rfe8 19. f3 Ned7 20. Qd2 b5 21. axb6 Qxb6 22. Rfb1 a5 23. Bb5 Rec8 24. Bc6 Ra7 25. Nb5 Ra6 26. Nxd6 Rxc6 27. dxc6 Qxc6 28. Nc4 a4 29. Rd1 Qb5 30. e5 Re6 31. exf6 Nxf6 32. Rac1 Nh5 33. Qd8+ Re8 34. Nd6 Rxd8 35. Nxb5 Rxd1+ 36. Rxd1 1-0

[Event "SVK-chT3A2 0910"]
[Site "Slovakia"]
[Date "2010.02.13"]
[Round "9.6"]
[White "Markuliak, Mario"]
[Black "Obdrzalkova, Anita"]
[Result "0-1"]
[WhiteElo "1909"]
[BlackElo "2004"]
[PlyCount "58"]
[EventDate "2009.10.18"]
[EventType "team-tourn"]
[EventRounds "11"]
[EventCountry "SVK"]
[SourceTitle "EXT 2011"]
[Source "ChessBase"]
[SourceDate "2010.11.26"]
[SourceVersion "1"]
[SourceVersionDate "2010.11.26"]
[SourceQuality "1"]
[WhiteTeam "Cifer"]
[BlackTeam "Dunajska Streda SK III"]
[WhiteTeamCountry "SVK"]
[BlackTeamCountry "SVK"]

1. e4 c5 2. c4 d6 3. Nc3 Nf6 4. g3 g6 5. Bg2 Bg7 6. Nge2 0-0 7. 0-0 Nc6 8. d3 a6 9. f4 Rb8 10. h3 Bd7 11. g4 b5 12. Ng3 Ne8 13. Nce2 bxc4 14. dxc4 Bxb2 15. Bxb2 Rxb2 16. Qa4 Nd4 17. Qd1 Nxe2+ 18. Nxe2 Qa5 19. a3 Be6 20. Qd3 Rd2 21. Qc3 Qxc3 22. Nxc3 Bxc4 23. Rf2 Rxf2 24. Kxf2 Nc7 25. Rb1 Nb5 26. Nxb5 axb5 27. Ke3 Ra8 28. Ra1 Ra4 29. Bf3 b4 0-1

[Event "SVK-chT3A2 0910"]
[Site "Slovakia"]
[Date "2009.12.13"]
[Round "5.4"]
[White "Obdrzalkova, Anita"]
[Black "Szekely, Stefan"]
[Result "1-0"]
[WhiteElo "2004"]
[BlackElo "1984"]
[PlyCount "87"]
[EventDate "2009.10.18"]
[EventType "team-tourn"]
[EventRounds "11"]
[EventCountry "SVK"]
[SourceTitle "EXT 2011"]
[Source "ChessBase"]
[SourceDate "2010.11.26"]
[SourceVersion "1"]
[SourceVersionDate "2010.11.26"]
[SourceQuality "1"]
[WhiteTeam "Dunajska Streda SK III"]
[BlackTeam "Potonska Veza"]
[WhiteTeamCountry "SVK"]
[BlackTeamCountry "SVK"]

1. d4 d6 2. Nf3 Nf6 3. c4 g6 4. Nc3 Bg7 5. e4 Na6 6. Be2 c5 7. 0-0 0-0 8. Re1 Bg4 9. Be3 Rc8 10. d5 Nc7 11. Qd2 Nce8 12. Ng5 h6 13. Nf3 Kh7 14. h3 Bxf3 15. Bxf3 Nd7 16. Be2 Rh8 17. f4 Nef6 18. Rf1 a6 19. Rae1 b5 20. cxb5 axb5 21. Bxb5 Qb6 22. a4 Qa5 23. g4 Qb4 24. g5 Nxe4 25. Nxe4 Qxe4 26. Bxd7 Rb8 27. Bb5 Qf5 28. Qg2 h5 29. Rf3 Qxd5 30. Bc1 Bd4+ 31. Kh2 e6 32. Rd3 Qf5 33. Qe4 e5 34. Qxf5 gxf5 35. Be3 c4 36. Rd2 c3 37. Rc2 Rhc8 38. bxc3 Bxe3 39. Rxe3 e4 40. Rd2 Rb6 41. c4 Ra8 42. Ree2 Kg7 43. Rd5 Kg6 44. Bd7 1-0

[Event "SVK-chT2A 0910"]
[Site "Slovakia"]
[Date "2009.12.12"]
[Round "5.5"]
[White "Mydlarik, Martin"]
[Black "Obdrzalkova, Anita"]
[Result "0-1"]
[WhiteElo "2169"]
[BlackElo "2004"]
[PlyCount "128"]
[EventDate "2009.10.10"]
[EventType "team-tourn"]
[EventRounds "11"]
[EventCountry "SVK"]
[SourceTitle "EXT 2011"]
[Source "ChessBase"]
[SourceDate "2010.11.26"]
[SourceVersion "1"]
[SourceVersionDate "2010.11.26"]
[SourceQuality "1"]
[WhiteTeam "Modra II"]
[BlackTeam "Dunajska Streda SK II"]
[WhiteTeamCountry "SVK"]
[BlackTeamCountry "SVK"]

1. e4 c5 2. Nf3 d6 3. g3 Nf6 4. d3 Nc6 5. Bg2 g6 6. 0-0 Bg7 7. c3 0-0 8. Bg5 h6 9. Be3 Qb6 10. Qc1 Ng4 11. Bd2 Nge5 12. Nxe5 Nxe5 13. Qc2 Nxd3 14. Qxd3 Qxb2 15. c4 Qxa1 16. Nc3 Qb2 17. Rb1 Qa3 18. Rb3 Qa6 19. Nd5 Qxa2 20. Nxe7+ Kh7 21. h4 Be6 22. h5 Qa1+ 23. Kh2 Qe5 24. Bf4 Qxh5+ 25. Kg1 Be5 26. Bf3 Bg4 27. Bxg4 Qxg4 28. Nd5 Kg7 29. Ne3 Qe6 30. Nd5 Qg4 31. Be3 Kh7 32. Kg2 b6 33. f4 Bg7 34. Bf2 h5 35. Rb1 Qd7 36. f5 Be5 37. Rh1 Kg7 38. Qf3 Qd8 39. Be3 Rh8 40. Rf1 Qd7 41. Bd2 h4 42. Bc3 hxg3 43. Qxg3 Rae8 44. Qg4 Qc8 45. Bxe5+ dxe5 46. Ne7 Qd8 47. f6+ Kf8 48. Nd5 Qc8 49. Qg3 Qa6 50. Qb3 Rd8 51. Rd1 Rh4 52. Kg3 Rh5 53. Kg2 Rg5+ 54. Kf2 Qc8 55. Rh1 Rh5 56. Rxh5 gxh5 57. Qg3 Qg4 58. Qxe5 Re8 59. Ne7 Rd8 60. Nd5 Re8 61. Ne7 h4 62. Qd5 h3 63. Nf5 Qf4+ 64. Kg1 h2+ 0-1

[Event "CZE/SVK-chT (Women)"]
[Site "Frydek Mistek"]
[Date "2009.05.16"]
[Round "6"]
[White "Edes, Zsofia"]
[Black "Obdrzalkova, Anita"]
[Result "1/2-1/2"]
[WhiteElo "1882"]
[BlackElo "2004"]
[PlyCount "54"]
[EventDate "2009.05.14"]
[EventType "team-tourn"]
[EventRounds "7"]
[EventCountry "CZE"]
[SourceTitle "CBM 130 Extra"]
[Source "ChessBase"]
[SourceDate "2009.07.02"]
[SourceVersion "2"]
[SourceVersionDate "2009.07.15"]
[SourceQuality "1"]
[WhiteTeam "Komarno (W)"]
[BlackTeam "Dunajska Streda (W)"]
[WhiteTeamCountry "SVK"]
[BlackTeamCountry "SVK"]

1. d4 d5 2. Nf3 Nf6 3. Bg5 Nbd7 4. Nbd2 e6 5. e3 Be7 6. Bd3 h6 7. Bf4 0-0 8. Ne5 c5 9. c3 Nxe5 10. dxe5 Nd7 11. Qh5 Bg5 12. Bg3 f5 13. h4 Be7 14. Bf4 Qe8 15. Qf3 c4 16. Bc2 Nc5 17. g4 Kh8 18. Qg3 Nd3+ 19. Bxd3 cxd3 20. Nb3 Bd7 21. Nd4 Bc5 22. Nf3 Qg6 23. Rg1 fxg4 24. Qxg4 Qxg4 25. Rxg4 Be8 26. Kd2 Bh5 27. Rg3 Rxf4 1/2-1/2

[Event "CZE/SVK-chT (Women)"]
[Site "Frydek Mistek"]
[Date "2009.05.14"]
[Round "2"]
[White "Brisudova, Veronika"]
[Black "Obdrzalkova, Anita"]
[Result "0-1"]
[WhiteElo "1777"]
[BlackElo "2004"]
[PlyCount "58"]
[EventDate "2009.05.14"]
[EventType "team-tourn"]
[EventRounds "7"]
[EventCountry "CZE"]
[SourceTitle "CBM 130 Extra"]
[Source "ChessBase"]
[SourceDate "2009.07.02"]
[SourceVersion "2"]
[SourceVersionDate "2009.07.15"]
[SourceQuality "1"]
[WhiteTeam "Skalica (W)"]
[BlackTeam "Dunajska Streda (W)"]
[WhiteTeamCountry "SVK"]
[BlackTeamCountry "SVK"]

1. e4 c5 2. Nf3 d6 3. d4 cxd4 4. Nxd4 Nf6 5. Nc3 a6 6. Be3 e5 7. Nb3 Be7 8. Be2 0-0 9. Qd2 Be6 10. 0-0 Nbd7 11. Rad1 b5 12. a3 Nb6 13. Qc1 Nc4 14. Nc5 Nxe3 15. Qxe3 Qb6 16. Nd3 Qxe3 17. fxe3 Bc4 18. Rf3 Rac8 19. Rg3 h6 20. Rf1 a5 21. Bg4 Rc7 22. Bf5 b4 23. axb4 axb4 24. Nd1 b3 25. Rf2 Ra7 26. Ne1 Ra1 27. Rd2 bxc2 28. Nxc2 Rc1 29. Rf3 Bb3 0-1

[Event "SVK-chT3A2 0809"]
[Site "Slovakia"]
[Date "2009.03.29"]
[Round "11.4"]
[White "Londin, Martin"]
[Black "Obdrzalkova, Anita"]
[Result "1-0"]
[WhiteElo "1996"]
[BlackElo "2005"]
[PlyCount "41"]
[EventDate "2008.10.19"]
[EventType "team-tourn"]
[EventRounds "11"]
[EventCountry "SVK"]
[SourceTitle "EXT 2010"]
[Source "ChessBase"]
[SourceDate "2010.11.25"]
[SourceVersion "1"]
[SourceVersionDate "2010.11.25"]
[SourceQuality "1"]
[WhiteTeam "Skalica"]
[BlackTeam "Dunajska Streda SK III"]
[WhiteTeamCountry "SVK"]
[BlackTeamCountry "SVK"]

1. e4 c5 2. Nf3 d6 3. d4 cxd4 4. Nxd4 Nf6 5. Nc3 a6 6. Bd3 e5 7. Nde2 Be7 8. 0-0 0-0 9. h3 Nc6 10. a3 b5 11. Be3 Be6 12. Ng3 Rc8 13. Qf3 Na5 14. Nf5 Bxf5 15. Qxf5 g6 16. Qf3 Kg7 17. Rfd1 Re8 18. Ne2 Qc7 19. Ng3 Nc4 20. Bc1 Bf8 21. Bh6+ 1-0

[Event "SVK-chT3A2 0809"]
[Site "Slovakia"]
[Date "2009.02.08"]
[Round "7.4"]
[White "Obdrzalkova, Anita"]
[Black "Lopatievov, Alexander"]
[Result "1/2-1/2"]
[WhiteElo "2005"]
[BlackElo "2020"]
[PlyCount "71"]
[EventDate "2008.10.19"]
[EventType "team-tourn"]
[EventRounds "11"]
[EventCountry "SVK"]
[SourceTitle "EXT 2010"]
[Source "ChessBase"]
[SourceDate "2010.11.25"]
[SourceVersion "1"]
[SourceVersionDate "2010.11.25"]
[SourceQuality "1"]
[WhiteTeam "Dunajska Streda SK III"]
[BlackTeam "Trnava Modranka"]
[WhiteTeamCountry "SVK"]
[BlackTeamCountry "SVK"]

1. d4 d5 2. Nf3 Nf6 3. c4 c6 4. Nc3 e6 5. cxd5 exd5 6. Qc2 Be7 7. Bg5 h6 8. Bh4 0-0 9. e3 Bg4 10. Ne5 Bh5 11. Bd3 Nbd7 12. Nxd7 Nxd7 13. Bxe7 Qxe7 14. h3 Qf6 15. 0-0 Bg6 16. Bxg6 fxg6 17. Rac1 Nb6 18. Na4 Nc4 19. b3 Nd6 20. Nc5 Rf7 21. Nd3 Qf5 22. Ne5 Qxc2 23. Rxc2 Rf6 24. Rfc1 Kh7 25. a3 g5 26. f3 Re8 27. Re1 a6 28. b4 h5 29. a4 Re7 30. Rc5 Kh6 31. Rc3 g6 32. g3 Nf7 33. f4 Nd6 34. Rc2 Ne4 35. h4 g4 36. Kg2 1/2-1/2

[Event "SVK-chT3A2 0809"]
[Site "Slovakia"]
[Date "2009.01.11"]
[Round "5.6"]
[White "Obdrzalkova, Anita"]
[Black "Kubica, Adrian"]
[Result "1/2-1/2"]
[WhiteElo "2005"]
[BlackElo "1927"]
[PlyCount "89"]
[EventDate "2008.10.19"]
[EventType "team-tourn"]
[EventRounds "11"]
[EventCountry "SVK"]
[SourceTitle "EXT 2010"]
[Source "ChessBase"]
[SourceDate "2010.11.25"]
[SourceVersion "1"]
[SourceVersionDate "2010.11.25"]
[SourceQuality "1"]
[WhiteTeam "Dunajska Streda SK III"]
[BlackTeam "Gabcikovo"]
[WhiteTeamCountry "SVK"]
[BlackTeamCountry "SVK"]

1. d4 g6 2. c4 Bg7 3. Nc3 e6 4. Nf3 Ne7 5. Bg5 f6 6. Bc1 d5 7. e3 b6 8. cxd5 Nxd5 9. e4 Nxc3 10. bxc3 Bb7 11. Bd3 0-0 12. 0-0 Nd7 13. Qb3 Re8 14. Re1 Kh8 15. Ba3 Bf8 16. Bxf8 Nxf8 17. Re3 Kg7 18. Rae1 g5 19. Nd2 h5 20. Qd1 h4 21. Qg4 Ng6 22. Bc4 Bc8 23. e5 f5 24. Qf3 Rb8 25. Qd1 g4 26. Qb3 Qg5 27. d5 f4 28. Ne4 Qxe5 29. R3e2 f3 30. Re3 fxg2 31. Nc5 Qf6 32. Nxe6+ Bxe6 33. dxe6 Re7 34. Qd1 Rf8 35. Qd4 h3 36. Be2 Qxd4 37. cxd4 Rf4 38. d5 Nh4 39. Rg3 Nf3+ 40. Bxf3 Rxf3 41. Rxg4+ Kf6 42. Re3 Rxe3 43. fxe3 Rh7 44. Rf4+ Ke7 45. Rf3 1/2-1/2

[Event "CZE-SVK Cup rap"]
[Site "Prague"]
[Date "2008.09.21"]
[Round "2"]
[White "Obdrzalkova, Anita"]
[Black "Korenova, Martina"]
[Result "0-1"]
[WhiteElo "2031"]
[BlackElo "2238"]
[PlyCount "70"]
[EventDate "2008.09.21"]
[EventType "team (rapid)"]
[EventRounds "2"]
[EventCountry "CZE"]
[SourceTitle "CBM 126 Extra"]
[Source "ChessBase"]
[SourceDate "2008.11.05"]
[SourceVersion "1"]
[SourceVersionDate "2008.11.05"]
[SourceQuality "1"]
[WhiteTeam "Slovakia"]
[BlackTeam "Czech Republic"]
[WhiteTeamCountry "SVK"]
[BlackTeamCountry "CZE"]

1. d4 Nf6 2. Nf3 g6 3. c4 Bg7 4. Nc3 0-0 5. e4 d6 6. Be2 e5 7. 0-0 Nc6 8. Be3 Ng4 9. Qd2 exd4 10. Bxd4 Nxd4 11. Nxd4 c6 12. Bxg4 Bxg4 13. f3 Be6 14. b3 Qb6 15. Rad1 Rad8 16. Kh1 Bc8 17. Na4 Qc7 18. Ne2 Rfe8 19. Nac3 Qa5 20. Na4 Qe5 21. Rfe1 Be6 22. Qb4 b6 23. Nac3 d5 24. cxd5 cxd5 25. exd5 Bxd5 26. Qa4 Re7 27. Rd3 Red7 28. Red1 Bc6 29. Rxd7 Rxd7 30. Qxc6 Rxd1+ 31. Nxd1 Qxe2 32. h4 Qe1+ 33. Kh2 Qxh4+ 34. Kg1 Qe1+ 35. Kh2 Be5+ 0-1

[Event "SVK-ch (Women)"]
[Site "Zvolen"]
[Date "2008.07.10"]
[Round "6"]
[White "Obdrzalkova, Anita"]
[Black "Zvarikova, Alexandra"]
[Result "1/2-1/2"]
[WhiteElo "2031"]
[BlackElo "1899"]
[PlyCount "113"]
[EventDate "2008.07.06"]
[EventType "tourn"]
[EventRounds "9"]
[EventCountry "SVK"]
[SourceTitle "CBM 125 Extra"]
[Source "ChessBase"]
[SourceDate "2008.09.01"]
[SourceVersion "1"]
[SourceVersionDate "2008.09.01"]
[SourceQuality "1"]

1. d4 Nf6 2. c4 e5 3. dxe5 Ng4 4. e4 Nxe5 5. f4 Nec6 6. Nf3 Bc5 7. Nc3 0-0 8. Na4 Bb4+ 9. Bd2 Re8 10. Bd3 d5 11. e5 f6 12. Bxb4 Nxb4 13. 0-0 Nxd3 14. Qxd3 dxc4 15. Qxc4+ Be6 16. Qb4 fxe5 17. Nxe5 Na6 18. Qc3 c6 19. f5 Qh4 20. fxe6 Qxa4 21. Rf7 Rxe6 22. Rxb7 Qe4 23. Nxc6 Qe3+ 24. Qxe3 Rxe3 25. Rxa7 Rxa7 26. Nxa7 Re2 27. b3 Rb2 28. Nc6 Kf7 29. Ne5+ Ke6 30. Nc4 Rc2 31. a4 Nc5 32. Re1+ Kf6 33. Ne3 Rb2 34. Nd5+ Kf5 35. b4 Nxa4 36. Re7 Rd2 37. Ne3+ Kf6 38. Rb7 Nc3 39. b5 Rb2 40. b6 Na4 41. Ng4+ Kf5 42. Rxg7 Rxb6 43. Ne3+ Ke4 44. Re7+ Kd3 45. Nd5 Rh6 46. Nf4+ Kd2 47. h3 Rf6 48. Nh5 Rh6 49. g4 Nc3 50. Nf4 Rf6 51. Rd7+ Ke3 52. Ng2+ Ke4 53. Rxh7 Ne2+ 54. Kh2 Rf2 55. Re7+ Kd3 56. Re3+ Kd2 57. Ra3 1/2-1/2

[Event "SVK-chT2A 0708"]
[Site "Slovakia"]
[Date "2008.03.09"]
[Round "11.6"]
[White "Krajnak, Robert"]
[Black "Obdrzalkova, Anita"]
[Result "1/2-1/2"]
[WhiteElo "2118"]
[BlackElo "2064"]
[PlyCount "31"]
[EventDate "2007.10.06"]
[EventType "team-tourn"]
[EventRounds "11"]
[EventCountry "SVK"]
[SourceTitle "EXT 2010"]
[Source "ChessBase"]
[SourceDate "2010.11.25"]
[SourceVersion "1"]
[SourceVersionDate "2010.11.25"]
[SourceQuality "1"]
[WhiteTeam "Bratislava Doprastav II"]
[BlackTeam "Dunajska Streda SK II"]
[WhiteTeamCountry "SVK"]
[BlackTeamCountry "SVK"]

1. c4 Nf6 2. Nc3 g6 3. g3 Bg7 4. Bg2 0-0 5. d3 d6 6. Nf3 c6 7. Bd2 Nbd7 8. b4 d5 9. cxd5 cxd5 10. Rc1 a6 11. Qb3 Nb6 12. e3 Bf5 13. Nb1 Bd7 14. Nc3 Bf5 15. Nb1 Bd7 16. Nc3 1/2-1/2

[Event "SVK-chT2A 0708"]
[Site "Slovakia"]
[Date "2007.11.03"]
[Round "3.7"]
[White "Obdrzalkova, Anita"]
[Black "Janko, Michal"]
[Result "1/2-1/2"]
[WhiteElo "2064"]
[BlackElo "2143"]
[PlyCount "96"]
[EventDate "2007.10.06"]
[EventType "team-tourn"]
[EventRounds "11"]
[EventCountry "SVK"]
[SourceTitle "EXT 2010"]
[Source "ChessBase"]
[SourceDate "2010.11.25"]
[SourceVersion "1"]
[SourceVersionDate "2010.11.25"]
[SourceQuality "1"]
[WhiteTeam "Dunajska Streda SK II"]
[BlackTeam "Galanta"]
[WhiteTeamCountry "SVK"]
[BlackTeamCountry "SVK"]

1. d4 d6 2. Nf3 Bg4 3. e3 Nd7 4. c4 g6 5. Nbd2 Bg7 6. h3 Bxf3 7. Nxf3 Ngf6 8. Be2 0-0 9. 0-0 e5 10. b3 Re8 11. Bb2 e4 12. Ne1 c6 13. Qd2 a5 14. Nc2 d5 15. Rfc1 Re6 16. Bc3 Bf8 17. a3 Bd6 18. c5 Bb8 19. Kf1 Qc7 20. Ke1 Qh2 21. Bf1 Nh5 22. g4 Rf6 23. f4 Qg3+ 24. Qf2 Qxf2+ 25. Kxf2 Ng7 26. b4 a4 27. b5 Re6 28. Bd2 h6 29. Rab1 Re7 30. Rb2 h5 31. Rcb1 hxg4 32. bxc6 bxc6 33. hxg4 f6 34. Nb4 Kf7 35. Na6 Ba7 36. Ba5 Ne6 37. Bb6 Nxb6 38. cxb6 Bb8 39. Nxb8 Rxb8 40. Rb4 g5 41. f5 Nd8 42. Rxa4 Reb7 43. Ra7 Kf8 44. Rxb7 Nxb7 45. Rb4 Ra8 46. Rb3 Ke7 47. Ke1 Kd6 48. Kd2 c5 1/2-1/2

[Event "Piestany Pressburg op"]
[Site "Piestany"]
[Date "2006.11.18"]
[Round "6"]
[White "Obdrzalkova, Anita"]
[Black "Rachela, Milan"]
[Result "0-1"]
[WhiteElo "2011"]
[BlackElo "2349"]
[PlyCount "76"]
[EventDate "2006.11.15"]
[EventType "swiss"]
[EventRounds "7"]
[EventCountry "SVK"]
[SourceTitle "EXT 2008"]
[Source "ChessBase"]
[SourceDate "2007.11.25"]
[SourceVersion "1"]
[SourceVersionDate "2007.11.25"]
[SourceQuality "1"]

1. d4 Nf6 2. c4 e6 3. Nc3 Bb4 4. Qc2 d5 5. e3 0-0 6. Nf3 b6 7. cxd5 exd5 8. a3 Be7 9. Bd3 c5 10. 0-0 Nbd7 11. e4 dxe4 12. Nxe4 Bb7 13. dxc5 Nxe4 14. Bxe4 Bxe4 15. Qxe4 Nxc5 16. Qc2 Qd3 17. Qxd3 Nxd3 18. b3 Rfd8 19. Be3 Rd5 20. a4 h6 21. h3 f5 22. Ne1 f4 23. Rd1 fxe3 24. Rxd3 Rxd3 25. Nxd3 Rd8 26. Nc1 exf2+ 27. Kxf2 Rd2+ 28. Kg1 Bd6 29. Re1 Bg3 30. Rf1 a5 31. Kh1 g5 32. Kg1 Kg7 33. Kh1 Kg6 34. Kg1 h5 35. Kh1 g4 36. hxg4 hxg4 37. Kg1 Kg5 38. Kh1 Kh4 0-1

[Event "SVK-chT1W 0506"]
[Site "Slovakia"]
[Date "2006.??.??"]
[Round "?"]
[White "Obdrzalkova, Anita"]
[Black "Slapak, Zdenek"]
[Result "0-1"]
[WhiteElo "2115"]
[BlackElo "2140"]
[PlyCount "106"]
[EventDate "2005.10.15"]
[EventType "team-tourn"]
[EventRounds "11"]
[EventCountry "SVK"]
[SourceTitle "EXT 2008"]
[Source "ChessBase"]
[SourceDate "2007.11.25"]
[SourceVersion "1"]
[SourceVersionDate "2007.11.25"]
[SourceQuality "1"]

1. d4 Nf6 2. c4 e6 3. Nc3 Bb4 4. Qc2 0-0 5. Nf3 d5 6. cxd5 exd5 7. e3 Re8 8. Bd3 Nbd7 9. 0-0 b6 10. Nb5 Ba6 11. Qa4 Bxb5 12. Bxb5 Bd6 13. Bc6 Rb8 14. Qxa7 Re4 15. Qa4 Nc5 16. Qc2 Ne6 17. g3 Rg4 18. Ne5 Bxe5 19. dxe5 Rc4 20. Qf5 Ng4 21. Bb5 g6 22. Qd3 Nxe5 23. Qe2 Re4 24. f3 Nd4 25. Qg2 Nexf3+ 26. Rxf3 Nxb5 27. Bd2 Qe7 28. Qf2 Rd8 29. Rf1 f5 30. Rd1 Nd6 31. b3 Nf7 32. Rf4 Ng5 33. Qg2 c5 34. Bc1 Qe6 35. h4 Nf7 36. Rxe4 fxe4 37. Bb2 Ne5 38. Bxe5 Qxe5 39. Rf1 Rf8 40. Rxf8+ Kxf8 41. Qf2+ Ke7 42. Kg2 d4 43. exd4 cxd4 44. Qc2 d3 45. Qc6 Qb2+ 46. Kh3 Qd4 47. Kg2 d2 48. Qc7+ Kf6 49. Qc6+ Ke5 50. Qc7+ Qd6 51. Qc3+ Ke6 52. Qc8+ Ke7 53. Qb7+ Kf6 0-1

[Event "SVK-chT 0405"]
[Site "Slovakia"]
[Date "2005.04.09"]
[Round "10"]
[White "Obdrzalkova, Anita"]
[Black "Jakubek, Peter"]
[Result "0-1"]
[WhiteElo "2137"]
[BlackElo "2240"]
[PlyCount "68"]
[EventDate "2004.11.13"]
[EventType "team-tourn"]
[EventRounds "11"]
[EventCountry "SVK"]
[SourceTitle "EXT 2019"]
[Source "ChessBase"]
[SourceDate "2018.10.10"]
[SourceVersion "1"]
[SourceVersionDate "2018.10.10"]
[SourceQuality "1"]
[WhiteTeam "Dunajska Streda"]
[BlackTeam "Dubnica nad Vahom"]
[WhiteTeamCountry "SVK"]
[BlackTeamCountry "SVK"]

1. d4 d5 2. Nf3 Nf6 3. c4 dxc4 4. e3 e6 5. Bxc4 c5 6. Nc3 Nc6 7. 0-0 a6 8. dxc5 Qxd1 9. Rxd1 Bxc5 10. a3 b5 11. Be2 Bb7 12. b4 Be7 13. Bb2 0-0 14. Bd3 Rfd8 15. Rac1 Rac8 16. Ne2 Nd7 17. Bb1 Nb6 18. Ba2 a5 19. bxa5 Nxa5 20. Bd4 Rxc1 21. Rxc1 Nbc4 22. a4 Ba3 23. Rb1 b4 24. Bxc4 Nxc4 25. Ne5 Nxe5 26. Bxe5 Be4 27. Re1 f6 28. Bd4 Ra8 29. Bc5 Rxa4 30. Ra1 Ra5 31. Bd6 Rd5 32. f3 Bd3 33. Bxb4 Bxb4 34. Nf4 Rd7 0-1

[Event "SVK-ch U18 Girls"]
[Site "Slovakia"]
[Date "2003.??.??"]
[Round "?"]
[White "Gregorova, Zuzana"]
[Black "Obdrzalkova, Anita"]
[Result "1-0"]
[WhiteElo "2074"]
[BlackElo "2153"]
[PlyCount "81"]
[EventDate "2003.??.??"]
[EventType "tourn"]
[EventRounds "9"]
[EventCountry "SVK"]
[SourceTitle "EXT 2006"]
[Source "ChessBase"]
[SourceDate "2005.11.24"]
[SourceVersion "1"]
[SourceVersionDate "2005.11.24"]
[SourceQuality "1"]

1. e4 c5 2. Nf3 d6 3. d3 g6 4. g3 Bg7 5. Bg2 e6 6. 0-0 Ne7 7. Nbd2 Nbc6 8. c3 0-0 9. Nb3 Rb8 10. d4 c4 11. Nbd2 b5 12. Re1 Qc7 13. h4 b4 14. Nf1 bxc3 15. bxc3 Qa5 16. Qc2 d5 17. e5 Bd7 18. Ne3 Rb7 19. Ng4 Rfb8 20. Nf6+ Bxf6 21. exf6 Nf5 22. Bf4 Rb2 23. Qc1 R8b7 24. g4 Nfxd4 25. Nxd4 Nxd4 26. Bd6 e5 27. cxd4 Qd2 28. Qxd2 Rxd2 29. Rab1 Rbb2 30. Rxb2 Rxb2 31. Bxd5 c3 32. Bxe5 c2 33. Bf4 Rb1 34. Rc1 Rxc1+ 35. Bxc1 Bxg4 36. Ba3 Be6 37. Be4 Bxa2 38. Bxc2 Bd5 39. Kf1 Bf3 40. Ke1 h6 41. Kd2 1-0

[Event "SVK-chT1W 0304"]
[Site "Slovakia"]
[Date "2003.??.??"]
[Round "1"]
[White "Obdrzalkova, Anita"]
[Black "Behul, Bohus"]
[Result "0-1"]
[WhiteElo "2140"]
[BlackElo "2145"]
[PlyCount "72"]
[EventDate "2003.10.??"]
[EventType "team"]
[EventRounds "9"]
[EventCountry "SVK"]
[SourceTitle "EXT 2005"]
[Source "ChessBase"]
[SourceDate "2004.11.15"]
[SourceVersion "1"]
[SourceVersionDate "2004.11.15"]
[SourceQuality "1"]

1. d4 d5 2. c4 c6 3. Nf3 Nf6 4. e3 Bf5 5. Nc3 e6 6. Be2 h6 7. 0-0 Be7 8. Nd2 0-0 9. a3 a5 10. b3 Nbd7 11. Bb2 Rc8 12. Rc1 Qb6 13. c5 Qc7 14. b4 axb4 15. axb4 b5 16. Nb3 e5 17. Ra1 Ra8 18. Na5 Rac8 19. Nxc6 Qxc6 20. Bxb5 Qc7 21. Ba6 Ra8 22. b5 exd4 23. exd4 Rfd8 24. Qb3 Bxc5 25. dxc5 Nxc5 26. Qa2 Bd3 27. Rfd1 Bc4 28. Qa5 Qf4 29. g3 Qf3 30. Qb6 Nb3 31. Ra4 Rdb8 32. Qe3 Qxe3 33. fxe3 Nc5 34. Rxc4 dxc4 35. Ba3 Nxa6 36. bxa6 Rb3 0-1